Statistiques concernant Les plus gros transferts de l'OM

Cliquez ici pour prendre le quiz!

Statistiques générales

  • Ce quiz a été pris 385 fois
  • Le résultat moyen est 5 sur 10

Statistiques - réponses

Montant (€)Joueur% Correct
229 MPayet
93%
132 MVitinha
91%
325 MStrootman
61%
716 MGignac
45%
915 MMitroglou
45%
419 MLucho Gonzalez
39%
619 MCaleta Car
36%
519 MGerson
35%
1014 MBenedetto
23%
815,5 MRemy
20%

Distribution des résultats

Percentile par nombre de réponses

% des personnes avec chaque résultat

Votre développement - résultats

Vous n’avez pas pris ce quiz